Normal view
MARC view
Entry Topical Term
001 - CONTROL NUMBER
- control field: 44395
003 - CONTROL NUMBER IDENTIFIER
- control field: ARRUPE
005 - DATE AND TIME OF LATEST TRANSACTION
- control field: 20190205120512.0
008 - FIXED-LENGTH DATA ELEMENTS
- fixed length control field: 190205|| aca||aabn | a|a d
040 ## - CATALOGING SOURCE
- Original cataloging agency: ARRUPE
- Transcribing agency: ARRUPE
150 ## - HEADING--TOPICAL TERM
- Topical term or geographic name as entry element: Hallmarks.
670 ## - SOURCE DATA FOUND
- Source citation: Work cat.: (ARRUPE)0: Diviš, Jan. 44394, Silver marks of the world /, 1976.